01185cam a2200265 4500999001700000001000800017005001700025008004100042010001700083020002000100040001800120050002100138110002900159245007600188260009900264300003500363500020500398504003000603600003200633700002300665710004600688710003000734942003300764952012200797 c20381d20381228643420170119090836.0710301s1971 mduac bc 000 0 eng  a 79145411  a0912298014(pbk) aDLCcDLCdDLC00aNC248.M4C32 19712 aBaltimore Museum of Art.10aMatisse as a draughtsman.cIntrod. and commentary by Victor I. Carlson. a[Baltimore];bDistributed for the museum by New York Graphic Society, Greenwich, Conn.c[1971] a191 p.billus., ports.c26 cm. aCatalogue of an exhibition: Baltimore Museum of Art, 12 Jan.-21 Feb., 1971. California Palace of the Legion of Honor, San Francisco, 20 Mar.-9 May 1971. Art Institute of Chicago, 26 May-10 July, 1971. aBibliography: p. 188-191.10aMatisse, Henri,d1869-1954.1 aCarlson, Victor I.2 aCalifornia Palace of the Legion of Honor.2 aArt Institute of Chicago. 2lcccBOOKShNC248.M4C32 1971 00102lcc4070aMUCbMUCcTECHd2017-01-19eDonation(BFA)l0oNC248.M4C32 1971p30810r2018-07-19w2017-01-19yBOOKS